<?xml version="1.0" encoding="UTF-8"?>
<record
    xmlns:xsi="http://www.w3.org/2001/XMLSchema-instance"
    xsi:schemaLocation="http://www.loc.gov/MARC21/slim http://www.loc.gov/standards/marcxml/schema/MARC21slim.xsd"
    xmlns="http://www.loc.gov/MARC21/slim">

  <leader>00989nam a22002057a 4500</leader>
  <datafield tag="999" ind1=" " ind2=" ">
    <subfield code="c">57981</subfield>
    <subfield code="d">57981</subfield>
  </datafield>
  <controlfield tag="003">Ge_BSU</controlfield>
  <controlfield tag="005">20210415114720.0</controlfield>
  <controlfield tag="008">210414s1969    ge ||||| |||| 00| 0 geo d</controlfield>
  <datafield tag="041" ind1=" " ind2=" ">
    <subfield code="a">geo</subfield>
  </datafield>
  <datafield tag="080" ind1=" " ind2=" ">
    <subfield code="a"> 741 &#x10DA;-30</subfield>
  </datafield>
  <datafield tag="100" ind1=" " ind2=" ">
    <subfield code="a">&#x10DA;&#x10D0;&#x10E6;&#x10D8;&#x10EB;&#x10D4;, &#x10D8;&#x10D5;&#x10D0;&#x10DC;&#x10D4;</subfield>
    <subfield code="9">11358</subfield>
  </datafield>
  <datafield tag="245" ind1=" " ind2=" ">
    <subfield code="a">&#x10E0;&#x10DD;&#x10D2;&#x10DD;&#x10E0; &#x10D5;&#x10D0;&#x10E1;&#x10EC;&#x10D0;&#x10D5;&#x10DA;&#x10DD;&#x10D7; &#x10EE;&#x10D0;&#x10E2;&#x10D5;&#x10D0; :</subfield>
    <subfield code="b">[&#x10D3;&#x10D0;&#x10DB;&#x10EE;&#x10DB;. &#x10E1;&#x10D0;&#x10EE;&#x10D4;&#x10DA;&#x10DB;&#x10EB;&#x10E6;&#x10D5;. &#x10DE;&#x10D4;&#x10D3;. &#x10E4;&#x10D0;&#x10D9;-&#x10E2;&#x10D8;&#x10E1; &#x10E1;&#x10E2;&#x10E3;&#x10D3;&#x10D4;&#x10DC;&#x10E2;&#x10D7;&#x10D0;&#x10D7;&#x10D5;&#x10D8;&#x10E1;] /</subfield>
    <subfield code="c">&#x10D8;&#x10D5;&#x10D0;&#x10DC;&#x10D4; &#x10DA;&#x10D0;&#x10E6;&#x10D8;&#x10EB;&#x10D4;; &#x10E0;&#x10D4;&#x10D3;. &#x10D0;. &#x10ED;&#x10D0;&#x10DC;&#x10D9;&#x10D5;&#x10D4;&#x10E2;&#x10D0;&#x10EB;&#x10D4;.</subfield>
  </datafield>
  <datafield tag="264" ind1=" " ind2=" ">
    <subfield code="a"> &#x10D7;&#x10D1;. : </subfield>
    <subfield code="b">&#x10D2;&#x10D0;&#x10DC;&#x10D0;&#x10D7;&#x10DA;&#x10D4;&#x10D1;&#x10D0;, </subfield>
    <subfield code="c">1969. </subfield>
  </datafield>
  <datafield tag="300" ind1=" " ind2=" ">
    <subfield code="a">210&#x10D2;&#x10D5;. : </subfield>
    <subfield code="b">&#x10D8;&#x10DA;. &#x10D3;&#x10D0; &#x10E2;&#x10D1;&#x10DA;. 8 &#x10E4;. &#x10D8;&#x10DA;. ; </subfield>
    <subfield code="c">22&#x10E1;&#x10DB;.</subfield>
  </datafield>
  <datafield tag="504" ind1=" " ind2=" ">
    <subfield code="a">&#x10D1;&#x10D8;&#x10D1;&#x10DA;&#x10D8;&#x10DD;&#x10D2;&#x10E0;.: &#x10D2;&#x10D5;.209.</subfield>
  </datafield>
  <datafield tag="653" ind1=" " ind2=" ">
    <subfield code="a">&#x10EE;&#x10D0;&#x10E2;&#x10D5;&#x10D8;&#x10E1; &#x10E1;&#x10EC;&#x10D0;&#x10D5;&#x10DA;&#x10D4;&#x10D1;&#x10D8;&#x10E1; &#x10DB;&#x10D4;&#x10D7;&#x10DD;&#x10D3;&#x10D8;&#x10D9;&#x10D0;</subfield>
  </datafield>
  <datafield tag="653" ind1=" " ind2=" ">
    <subfield code="a">&#x10EE;&#x10D0;&#x10E2;&#x10D5;&#x10D0;</subfield>
  </datafield>
  <datafield tag="700" ind1=" " ind2=" ">
    <subfield code="a">&#x10ED;&#x10D0;&#x10DC;&#x10D9;&#x10D5;&#x10D4;&#x10E2;&#x10D0;&#x10EB;&#x10D4;, &#x10D0;.</subfield>
    <subfield code="e">&#x10E0;&#x10D4;&#x10D3;&#x10D0;&#x10E5;&#x10E2;&#x10DD;&#x10E0;&#x10D8;</subfield>
    <subfield code="9">11359</subfield>
  </datafield>
  <datafield tag="942" ind1=" " ind2=" ">
    <subfield code="2">udc</subfield>
    <subfield code="c">BK</subfield>
  </datafield>
  <datafield tag="952" ind1=" " ind2=" ">
    <subfield code="0">0</subfield>
    <subfield code="1">0</subfield>
    <subfield code="2">udc</subfield>
    <subfield code="4">0</subfield>
    <subfield code="6">741_&#x10DA;30</subfield>
    <subfield code="7">0</subfield>
    <subfield code="9">90141</subfield>
    <subfield code="a">CPL</subfield>
    <subfield code="b">CPL</subfield>
    <subfield code="c">GEN</subfield>
    <subfield code="d">2021-04-14</subfield>
    <subfield code="g">1.72</subfield>
    <subfield code="o">741 &#x10DA;-30</subfield>
    <subfield code="p">29235</subfield>
    <subfield code="r">2021-04-14</subfield>
    <subfield code="t">29235</subfield>
    <subfield code="w">2021-04-14</subfield>
    <subfield code="y">BK</subfield>
    <subfield code="z">1 &#x10DA;. 72 &#x10D7;.</subfield>
  </datafield>
</record>
